| 000 | 00730nam a2200217Ia 4500 | ||
|---|---|---|---|
| 999 |
_c6523 _d6523 |
||
| 020 | _a9780761936343 | ||
| 082 | _a954.133 NAN-V | ||
| 100 | _aNanda, Chandi Prasad | ||
| 245 | 0 | _aVocalizing silence: political protests in Orissa, 1930-42 | |
| 260 |
_aNew Delhi _bSage Publications _c2008 |
||
| 300 | _axx, 414 | ||
| 440 | _aSage series in modern Indian history-xiii | ||
| 650 |
_aIndia _vHistory _vAutonomy and independence movements |
||
| 650 |
_aIndia _vSocial conditions _z20th century |
||
| 650 |
_aIndia _vPolitics and government _z1919-1947 |
||
| 650 |
_aProtest movements _vHistory _zIndia _zOrissa _z20th century |
||
| 700 | _aChandra, Bipan | ||
| 700 | _aMukherjee, Mridula | ||
| 700 | _aMukherjee, Aditya | ||
| 942 | _cBK | ||